| 000 | 01021nam a22002175i 4500 | ||
|---|---|---|---|
| 001 | 176737 | ||
| 003 | ES-MaACL | ||
| 005 | 20230906220154.0 | ||
| 008 | 110204s1961 fr ab |||| | fre d | ||
| 080 | _a373.68 | ||
| 245 | 0 | 4 |
_aLes services de vulgarisation agricole en Europe et en Amérique du nord _b: projet nº 6/14-I. |
| 260 |
_a[Paris] : _bAgence Européenne de Productivité, Division de l'action technique et de la productivité dans l'agriculture et l'alimentation, Organisation Européenne de Coopération Économique, _c1961. |
||
| 300 |
_a269 p. : _bil. bl. y n. ; _c24 cm. |
||
| 490 | 1 |
_aAlimentation et agriculture documentation. Série 1961 ; _v36 |
|
| 546 | _aTexto en francés. | ||
| 650 | 0 | 4 |
_aExtensión agrícola. _9145048 |
| 710 | 0 |
_aOrganización de Cooperación y Desarrollo Económico. _bAgencia Europea de Productividad. _96056 |
|
| 830 | 0 |
_aAlimentation et agriculture documentation. Série 1961 ; _v36 _9190217 |
|
| 852 |
_aES-MaACL _jE-14197 _xOlim P-969-bis |
||
| 999 |
_c176737 _d176737 |
||